000 01085nam a2200265Ia 4500
999 _c50343
_d50343
001 17284
003 GE_BSU
005 20200212110320.0
008 181216s2010ge xx |||||||||||||| ||geo||
040 _cGE_BSU
041 _ageo
080 _a27-9 ნ-86
100 _aნორტი,ჯეიმს.
_96977
245 _aეკლესიის ისტორია /
_cჯეიმს ნორტი ; იiნგლი თარგმ: ლ.მაისურაძე ; რედ. ე. გიუნაშვილი.
264 _aთბილისი,
_c2012.
300 _a542 გვ.:
_c22 სმ.
500 _aდანართი: გვ. 534--542.
504 _a ბიბლიოგრ. გვ:542
653 _aეკლესიის ისტორია
653 _aრელიგია
653 _aრელიგიის ისტორია
700 _aმაისურაძე, ლ
_eმთარგმნელი
_96978
700 _aგიუნაშვილი, ე
_eრედაქტორი
_96979
942 _cBK
_2udc